000 00772nam a2200265Ia 4500
005 20251020182456.0
008 200515s9999 xx 000 0 und d
020 _a968-26-1103-2
082 _a624.0461/B50
100 _aBhatt, Prab
100 _aNelson, Hugh
245 0 _aEstructuras
250 _a1a ed.
260 _aMéxico, D.F.
260 _bCECSA
260 _c1999
300 _a602 p.
300 _btbl., graf.
500 _a1 ejemplar
520 _aSe realizan prácticos "análisis de esfuerzos", en los cuales se destacan las bases teóricas fundamentales de los métodos orientados hacia la computadora más que hacia los métodos manuales del cálculo.
650 _aESTATICA
650 _aESTRUCTURAS
942 _cLIB
999 _c1015
_d1015